| 000 | 01092nam a22002295i 4500 | ||
|---|---|---|---|
| 001 | 155064 | ||
| 003 | ES-MaACL | ||
| 005 | 20250723061847.0 | ||
| 008 | 040806m18991907gw |||| | ger d | ||
| 040 |
_aCAM _bspa _cCAM |
||
| 100 | 1 |
_aHalban, Alfred von. _9127764 |
|
| 245 | 1 | 0 |
_aDas Römische Recht in den Germanischen Volksstaaten / _cEin Beitrag zur deutchen Rechtsgeschichte von Alfred von Halban. |
| 260 |
_aBreslau : _bVerlag von M. & H. Marcus, _c1899-1907. |
||
| 300 |
_av. ; _c23 cm. |
||
| 490 | 1 |
_aUntersuchungen zur Deutschen Staats-und Rechtsgeschichte / herausgegeben von Otto Gierke ; _v64; 89 |
|
| 597 | _aT.I (1899) (XXI, 312 p.) - T.II (1901) (XII, 363 p.) - T.III (1907) (XX, 420 p.) | ||
| 598 | _aLa mención de serie tomada de los t.II y III. | ||
| 650 | 7 |
_aDerecho romano _2embne _911764 |
|
| 830 | 0 |
_aUntersuchungen zur Deutschen Staats-und Rechtsgeschichte / herausgegeben von Otto Gierke ; _v64; 89 _9221537 |
|
| 852 |
_aES-MaACL _jG-181-183 _z-- Enc. pasta española conservando la cub. original _q-- Contiene t.I-III |
||
| 999 |
_c155064 _d155064 |
||